000 00533nam a2200241Ia 4500
001 102338
003 YMCAF
005 20230512162131.0
008 100717s2000 ||||||||||||||||| ||und|d
024 _a102338
035 _aBB2604
040 _aYMCAF
_beng
_cIN-KoLT
041 _aeng
082 _a005.133C
_b++ SCH
100 _aHerbert, Schidt
245 0 _aComplete reference c++
250 _a3
260 _bTMH
_c2000
300 _a1008
653 _aComplete reference c++
653 _aComputer
942 _2ddc
_cBK
999 _c10494
_d10494